| 000 | 00960nam a2200301Ia 4500 | ||
|---|---|---|---|
| 003 | OSt | ||
| 005 | 20221006160009.0 | ||
| 006 | a|||||r|||| 00| 0 | ||
| 007 | ta | ||
| 008 | 221006b |||||||| |||| 00| 0 eng d | ||
| 020 |
_a9780822346951 _c _25.95 |
||
| 024 | _a44,028 | ||
| 037 |
_bGift, KCC (Window on Korea) _cTextual |
||
| 040 |
_aEASL _cEASL _beng |
||
| 041 |
_2eng _aeng |
||
| 082 | _aY74950aZ,1235, Q0 | ||
| 100 |
_aKIM Eleana J. _9265942 |
||
| 245 | 0 |
_aAdopted territory _b Transnational Korean adoptees and the politics of belonging |
|
| 260 |
_aDurham _bDuke University Press _c2010 |
||
| 300 |
_a332p. _ccm. |
||
| 490 | _v KEL | ||
| 650 | _a KEL | ||
| 650 |
_a Korea - Adoptee Kinship _9671409 |
||
| 650 |
_a Korea - Waifs and Orphans _9671410 |
||
| 650 |
_aKorea - Adoption - Origin of _9671411 |
||
| 942 |
_hY74950aZ,1235, Q0 _cTEXL _2CC |
||
| 999 |
_c1112120 _d1112120 |
||